=LDR 00000nam 2200000 4500 =001 INLIS000000000026013 =005 20130612124500 =008 ***********************************Ind** =035 ##$$0010-061300000026013 =041 ##$$a Ind =082 ##$$a 005.365 =090 ##$$a 005.365, Cha b =100 ##$$a Chandra =245 ##$$a Belajar sendiri adobe photshop, Chandra =260 ##$$a 2002 $b Jakarta =300 ##$$a 196 hlm, ilus, 21 cm =650 ##$$a Program Komputer =650 ##$$a Desing Grafis =850 ##$$a NBPNMAT